[Event "4NCL Online Division 4"]
[Site "online"]
[Date "2020.04.07"]
[Round "1.92"]
[White "Taylor, Robert P"]
[Black "Bevan, Peter M"]
[Result "0-1"]
[WhiteElo "1780"]
[BlackElo "1855"]
[PlyCount "100"]
[EventDate "2020.04.07"]
[WhiteTeam "Ashfield Anonymous B"]
[BlackTeam "Morriston Alekhine"]

1. d4 Nf6 2. Bg5 g6 3. Nd2 Bg7 4. e4 d6 5. c3 h6 6. Bh4 Nbd7 7. Bd3 c5 8. Ngf3
Qc7 9. Bg3 Nh5 10. d5 O-O 11. Bh4 Nf4 12. Bf1 Ne5 13. Qc2 Nxf3+ 14. Nxf3 Bg4
15. Nd2 g5 16. Bg3 Ng6 17. h3 Bd7 18. Be2 f5 19. exf5 Bxf5 20. Bd3 Qd7 21. O-O
b5 22. Rad1 Nf4 23. Bxf4 Bxd3 24. Qxd3 Rxf4 25. f3 c4 26. Qe2 Be5 27. Ne4 Rf7
28. Nf2 h5 29. g4 Raf8 30. Ne4 Bf4 31. Kg2 h4 32. b3 Rc8 33. b4 a5 34. a3 Ra8
35. Ra1 Qb7 36. bxa5 Qxd5 37. a4 Rxa5 38. axb5 Qxb5 39. Rfb1 Qa6 40. Rb8+ Kg7
41. Rxa5 Qxa5 42. Qxc4 d5 43. Qc5 Qa2+ 44. Nf2 Bg3 45. Qe3 Bf4 46. Qd4+ e5 47.
Qb6 e4 48. Rb7 exf3+ 49. Kf1 Qe2+ 50. Kg1 Qe1# 0-1

[Event "4NCL Online Division 4"]
[Site "online"]
[Date "2020.04.07"]
[Round "1.93"]
[White "Williams, Duncan"]
[Black "Pettinger, Martin"]
[Result "1/2-1/2"]
[WhiteElo "1847"]
[BlackElo "1645"]
[PlyCount "127"]
[EventDate "2020.04.07"]
[WhiteTeam "Morriston Alekhine"]
[BlackTeam "Ashfield Anonymous B"]

1. e4 c5 2. Nc3 d6 3. f4 g6 4. Nf3 Bg7 5. Bb5+ Bd7 6. O-O Bxb5 7. Nxb5 a6 8.
Nc3 e6 9. d3 Ne7 10. Qe1 O-O 11. Qg3 b5 12. Nh4 b4 13. Ne2 f5 14. Nf3 Nbc6 15.
h4 h5 16. e5 dxe5 17. fxe5 Qd7 18. Bg5 Nd5 19. Rae1 Rac8 20. c4 Nde7 21. Nf4
Rc7 22. Re3 a5 23. Bxe7 Nxe7 24. Nxg6 f4 25. Nxf4 Nf5 26. Qf2 Bh6 27. Re4 Bxf4
28. Rxf4 Qxd3 29. Ng5 Re8 30. Nxe6 Rxe6 31. Rxf5 Rg6 32. Rxh5 Qd4 33. Kh1 Qxf2
34. Rxf2 Rg4 35. Rg5+ Rxg5 36. hxg5 Re7 37. Rf5 Kg7 38. g4 Rd7 39. Kg2 Rd3 40.
Kf2 Rd2+ 41. Ke3 Rxb2 42. e6 Rb1 43. Ke4 a4 44. Rxc5 b3 45. axb3 axb3 46. Kd3
Re1 47. Rc7+ Kf8 48. e7+ Ke8 49. Kc3 Re3+ 50. Kb2 Rg3 51. g6 Rxg4 52. Kxb3 Rxg6
53. Kb4 Rg1 54. c5 Rg4+ 55. Kb5 Rg1 56. Kb6 Rg6+ 57. Rc6 Rg1 58. Re6 Rb1+ 59.
Kc7 Rc1 60. c6 Rc2 61. Kc8 Rc1 62. Re4 Rxc6+ 63. Kb7 Rc1 64. Kb6 1/2-1/2

[Event "4NCL Online Division 4"]
[Site "online"]
[Date "2020.04.07"]
[Round "1.101"]
[White "Zakarian, Dimitrios Levon"]
[Black "Patel, Rishi"]
[Result "0-1"]
[WhiteElo "1877"]
[BlackElo "1891"]
[PlyCount "92"]
[EventDate "2020.04.07"]
[WhiteTeam "Oxford 3"]
[BlackTeam "Harrow 3"]

1. d4 Nf6 2. c4 e6 3. Nf3 d5 4. Nc3 Bb4 5. Qb3 Bxc3+ 6. Qxc3 O-O 7. Bg5 Nbd7 8.
e3 h6 9. Bh4 b6 10. cxd5 exd5 11. Rc1 c5 12. Bb5 g5 13. Bg3 Ne4 14. Qc2 Ndf6
15. Bc6 Bf5 16. Qb3 Nxg3 17. hxg3 Rc8 18. Bb5 Kg7 19. O-O c4 20. Qa3 a6 21. Ba4
b5 22. Bc2 Bxc2 23. Rxc2 a5 24. Qc3 b4 25. Qe1 Re8 26. Ne5 Ne4 27. f3 Nd6 28.
f4 f6 29. Ng4 h5 30. fxg5 hxg4 31. gxf6+ Kf7 32. Rf4 Re4 33. Qd1 Rxf4 34. gxf4
Qd7 35. Qe1 Qf5 36. Rc1 Qxf6 37. a3 Rb8 38. axb4 axb4 39. Ra1 Qe7 40. Ra4 Nf5
41. Kf2 g3+ 42. Kf3 Qe4+ 43. Kg4 Rg8+ 44. Kh3 Rh8+ 45. Kg4 Nxe3+ 46. Kxg3 Qxg2#
0-1

[Event "4NCL Online Division 4"]
[Site "online"]
[Date "2020.04.07"]
[Round "1.102"]
[White "Manmay Chopra"]
[Black "Hobson, Kenneth"]
[Result "1/2-1/2"]
[WhiteElo "1855"]
[BlackElo "1825"]
[PlyCount "139"]
[EventDate "2020.04.07"]
[WhiteTeam "Harrow 3"]
[BlackTeam "Oxford 3"]

1. e4 e5 2. Nf3 Nc6 3. Bc4 Nf6 4. d3 Be7 5. O-O O-O 6. c3 d6 7. h3 h6 8. Re1
Kh8 9. Bb3 Ng8 10. d4 exd4 11. cxd4 f5 12. e5 d5 13. Nc3 Be6 14. Nh2 g5 15. f4
Rf7 16. Be3 Na5 17. Bc2 Nc4 18. Bc1 Rg7 19. a4 gxf4 20. Bxf4 Bg5 21. Bxg5 Qxg5
22. Qe2 Ne3 23. Nf3 Qxg2+ 24. Qxg2 Rxg2+ 25. Kh1 Rxc2 26. Rxe3 f4 27. Re2 Rxe2
28. Nxe2 Rf8 29. Kh2 Ne7 30. Rf1 Bd7 31. b3 b5 32. a5 Nc6 33. Nd2 f3 34. Rxf3
Rxf3 35. Nxf3 Nxa5 36. Nd2 Nc6 37. Nf3 Kg7 38. Kg3 a5 39. Nc3 Ne7 40. e6 Be8
41. Ne5 Kf6 42. Ng4+ Kxe6 43. Nxh6 a4 44. bxa4 b4 45. Na2 b3 46. Nc3 b2 47. a5
Nc6 48. a6 Bg6 49. Ng4 b1=Q 50. Nxb1 Bxb1 51. Ne5 Na7 52. Kf4 Bc2 53. h4 Bd1
54. Nd3 Kf6 55. Nc5 Be2 56. Nd7+ Kg6 57. Ke5 Bxa6 58. Kxd5 Kf7 59. Ne5+ Ke8 60.
h5 Kf8 61. Kc5 Bb7 62. d5 Nc8 63. Nc4 Ke7 64. h6 Kf7 65. d6 cxd6+ 66. Nxd6+
Nxd6 67. h7 Ne4+ 68. Kb6 Kg7 69. h8=B+ Kf7 70. Kxb7 1/2-1/2

[Event "4NCL Online Division 4"]
[Site "online"]
[Date "2020.04.07"]
[Round "1.103"]
[White "Cole, Graham"]
[Black "Stotz, Martin"]
[Result "1-0"]
[WhiteElo "1818"]
[BlackElo "1780"]
[PlyCount "41"]
[EventDate "2020.04.07"]
[WhiteTeam "Oxford 3"]
[BlackTeam "Harrow 3"]

1. e4 c6 2. d4 d5 3. e5 Bf5 4. Nc3 e6 5. g4 Bg6 6. Nge2 c5 7. Be3 Nc6 8. dxc5
h5 9. Nd4 hxg4 10. Bb5 Rc8 11. b4 Qc7 12. Bf4 Nge7 13. Qxg4 Bf5 14. Qe2 Rh4 15.
Qd2 a6 16. Ba4 f6 17. Bg3 Rxd4 18. Qxd4 Qd7 19. exf6 Bxc2 20. fxe7 Nxe7 21.
Bxd7+ 1-0

[Event "4NCL Online Division 4"]
[Site "online"]
[Date "2020.04.07"]
[Round "1.104"]
[White "O'Neill, Richard"]
[Black "Bush, Ian"]
[Result "1/2-1/2"]
[WhiteElo "1645"]
[BlackElo "1870"]
[PlyCount "96"]
[EventDate "2020.04.07"]
[WhiteTeam "Harrow 3"]
[BlackTeam "Oxford 3"]

1. d4 Nf6 2. e3 d6 3. Bd3 g6 4. f4 Bg7 5. Nd2 Nbd7 6. Ngf3 c5 7. c3 b6 8. O-O
O-O 9. Qe1 e5 10. fxe5 dxe5 11. Nxe5 Nxe5 12. dxe5 Ng4 13. Be4 Rb8 14. Nf3 Nxe5
15. Nxe5 Bxe5 16. Bc2 Qe7 17. e4 Bb7 18. Bf4 Rbe8 19. Bxe5 Qxe5 20. Rd1 Re7 21.
Qd2 b5 22. Qf4 Qxf4 23. Rxf4 Bc8 24. Rdf1 Be6 25. a3 Rd8 26. R1f2 Red7 27. h3
Rd2 28. Rxd2 Rxd2 29. Rf2 Rd8 30. Kf1 Kf8 31. Ke1 Ke7 32. Rd2 Rxd2 33. Kxd2 Kf6
34. Bd3 a6 35. b4 c4 36. Be2 Ke5 37. Ke3 Bc8 38. Bf3 g5 39. Be2 Bb7 40. Bf3 f6
41. g4 Bc6 42. Bg2 Bd7 43. Bf1 Be8 44. Be2 Bg6 45. Bf3 Bf7 46. Be2 Bg6 47. Bf3
Bf7 48. Be2 Bg6 1/2-1/2

[Event "4NCL Online Division 4"]
[Site "online"]
[Date "2020.04.07"]
[Round "1.111"]
[White "Bozinakis, Pavlos"]
[Black "Clissold, Ben S"]
[Result "1-0"]
[WhiteElo "2216"]
[BlackElo "2135"]
[PlyCount "75"]
[EventDate "2020.04.07"]
[WhiteTeam "Phones Pals"]
[BlackTeam "Manchester Juniors A"]

1. d4 Nf6 2. c4 g6 3. Nc3 Bg7 4. e4 d6 5. Be2 O-O 6. Nf3 e5 7. O-O Nc6 8. d5
Ne7 9. a4 Ne8 10. b4 h6 11. Ba3 f5 12. Nd2 Kh7 13. c5 Ng8 14. Nc4 Ngf6 15. f3
f4 16. b5 Rg8 17. a5 Bf8 18. b6 axb6 19. axb6 dxc5 20. bxc7 Qxc7 21. Nb5 Qb8
22. Bb2 Ra6 23. Bxe5 Qa8 24. Nb6 Rxa1 25. Qxa1 Qxa1 26. Rxa1 Nd7 27. Nxd7 Bxd7
28. Bxf4 Bg7 29. Ra7 Bxb5 30. Bxb5 Bd4+ 31. Kf1 Ng7 32. Rxb7 Ra8 33. d6 g5 34.
Bg3 Kg6 35. d7 Ne6 36. Rb6 Ra1+ 37. Be1 Kf7 38. Rxe6 1-0

[Event "4NCL Online Division 4"]
[Site "online"]
[Date "2020.04.07"]
[Round "1.112"]
[White "Parry, Samuel"]
[Black "Shah, Dipen"]
[Result "0-1"]
[WhiteElo "1812"]
[BlackElo "1501"]
[PlyCount "58"]
[EventDate "2020.04.07"]
[WhiteTeam "Manchester Juniors A"]
[BlackTeam "Phones Pals"]

1. d4 Nf6 2. Bg5 d5 3. Nc3 c5 4. Bxf6 exf6 5. e4 dxe4 6. d5 a6 7. f3 exf3 8.
Qxf3 Bd6 9. O-O-O O-O 10. Ne4 Be5 11. Nxc5 Qa5 12. Nd3 Qxa2 13. Nxe5 fxe5 14.
Qc3 Nd7 15. Nf3 Nf6 16. Re1 Bf5 17. Qxe5 Bxc2 18. Kxc2 Rac8+ 19. Kd2 Qa5+ 20.
Kd3 Rfe8 21. Qd4 Rxe1 22. Nxe1 Qxe1 23. Be2 Qxh1 24. Qf2 Qb1+ 25. Ke3 Qxb2 26.
Qf5 Re8+ 27. Kf4 Qxe2 28. d6 Qf2+ 29. Kg5 h6# 0-1

[Event "4NCL Online Division 4"]
[Site "online"]
[Date "2020.04.07"]
[Round "1.113"]
[White "Narang, Vishal"]
[Black "Gardiner, Ethan"]
[Result "1-0"]
[WhiteElo "1487"]
[BlackElo "1795"]
[PlyCount "69"]
[EventDate "2020.04.07"]
[WhiteTeam "Phones Pals"]
[BlackTeam "Manchester Juniors A"]

1. c4 e5 2. e4 Nc6 3. Nc3 g6 4. d3 Bg7 5. Nf3 d6 6. Be2 h6 7. O-O Be6 8. a3 a5
9. Bd2 Nge7 10. h3 O-O 11. Nh2 Nd4 12. f4 exf4 13. Bxf4 Nxe2+ 14. Qxe2 Nc6 15.
Qd2 Kh7 16. Rab1 a4 17. Kh1 Nd4 18. Be3 Nb3 19. Qd1 Qd7 20. Nd5 Bxd5 21. cxd5
Rfe8 22. Ng4 f5 23. exf5 gxf5 24. Bxh6 Bxh6 25. Nf6+ Kg7 26. Nxd7 Nd2 27. Qh5
Nxb1 28. Rxb1 Re7 29. Qxf5 Rf7 30. Qg4+ Kh7 31. Qe6 Rg7 32. Rf1 Rd8 33. Nf8+
Kh8 34. Qxh6+ Kg8 35. Ne6 1-0

[Event "4NCL Online Division 4"]
[Site "online"]
[Date "2020.04.07"]
[Round "1.114"]
[White "Clissold, Julian"]
[Black "Munshi, Aryan"]
[Result "0-1"]
[WhiteElo "1795"]
[BlackElo "1148"]
[PlyCount "68"]
[EventDate "2020.04.07"]
[WhiteTeam "Manchester Juniors A"]
[BlackTeam "Phones Pals"]

1. d4 Nf6 2. Nf3 g6 3. Bf4 Bg7 4. Nbd2 O-O 5. e3 d6 6. Bd3 Nbd7 7. c3 Re8 8.
O-O e5 9. Bg5 h6 10. Bxf6 Nxf6 11. e4 exd4 12. cxd4 c5 13. d5 Nh5 14. Qc2 Nf4
15. Rab1 a6 16. b4 cxb4 17. Rxb4 b5 18. Re1 Bd7 19. Bf1 Rc8 20. Qb1 Qa5 21. Rb3
Bc3 22. Rd1 Rc5 23. g3 Nh3+ 24. Kg2 Bg7 25. Rc1 g5 26. Rxc5 dxc5 27. Qc2 c4 28.
Re3 Qb6 29. Re2 c3 30. Nb3 a5 31. Nc1 g4 32. Ng1 Ng5 33. f4 gxf3+ 34. Nxf3 Bh3+
0-1

[Event "4NCL Online Division 4"]
[Site "online"]
[Date "2020.04.07"]
[Round "1.121"]
[White "Kolbusz, George"]
[Black "Tomlinson, Zak"]
[Result "0-1"]
[WhiteElo "1892"]
[BlackElo "1802"]
[PlyCount "110"]
[EventDate "2020.04.07"]
[WhiteTeam "Shropshire 3"]
[BlackTeam "Chessmates"]

1. d4 Nf6 2. Nf3 g6 3. g3 Bg7 4. Bg2 O-O 5. O-O d5 6. c4 c6 7. cxd5 cxd5 8. Nc3
Bd7 9. Ne5 e6 10. Bg5 h6 11. Bf4 Nc6 12. Qd2 Kh7 13. Rac1 Nh5 14. Nxd7 Qxd7 15.
Be3 Rac8 16. a3 Na5 17. Qd3 Nc4 18. Rc2 Nxe3 19. Qxe3 Rc4 20. Rd1 Rfc8 21. b3
R4c6 22. Rdc1 Nf6 23. Qd2 Qc7 24. e3 Ne4 25. Bxe4 dxe4 26. Kf1 Qa5 27. Ke1 Qxa3
28. Nxe4 Rxc2 29. Rxc2 Qa1+ 30. Ke2 Qa6+ 31. Ke1 Rxc2 32. Qxc2 f5 33. Nc5 Qc6
34. Kd2 Bf8 35. Nd3 Qxc2+ 36. Kxc2 Bd6 37. Nf4 Bxf4 38. exf4 Kg7 39. Kc3 Kf7
40. Kc4 Ke7 41. Kc5 Kd7 42. d5 b6+ 43. Kd4 Kd6 44. dxe6 Kxe6 45. f3 h5 46. h3
Kd6 47. h4 b5 48. Kd3 Kd5 49. Ke3 a5 50. Kd3 a4 51. bxa4 bxa4 52. Kc3 a3 53.
Kb3 Kd4 54. Kxa3 Ke3 55. g4 Kxf3 0-1

[Event "4NCL Online Division 4"]
[Site "online"]
[Date "2020.04.07"]
[Round "1.122"]
[White "Fisher, Neal"]
[Black "Smith, Mark"]
[Result "1-0"]
[WhiteElo "1720"]
[BlackElo "1832"]
[PlyCount "77"]
[EventDate "2020.04.07"]
[WhiteTeam "Chessmates"]
[BlackTeam "Shropshire 3"]

1. d4 Nf6 2. Bf4 d5 3. Nf3 e6 4. e3 c6 5. c3 Bd6 6. Ne5 O-O 7. Nd2 Nbd7 8. Ndf3
Nh5 9. Bg3 Nxe5 10. dxe5 Nxg3 11. hxg3 Be7 12. Qc2 g6 13. O-O-O Bd7 14. Bd3 b5
15. Rh3 Kg7 16. Rdh1 Rh8 17. Nh4 Qc7 18. f4 c5 19. Qd1 c4 20. Bb1 b4 21. Nf3
bxc3 22. bxc3 Ba3+ 23. Kd2 Qb6 24. Ng5 h6 25. Nxf7 Kxf7 26. Bxg6+ Kg7 27. Qg4
Qb2+ 28. Bc2+ Kf7 29. Qg6+ Kf8 30. Qf6+ Kg8 31. Rxh6 Rxh6 32. Rxh6 Qc1+ 33. Ke2
Qxc2+ 34. Kf3 Qe4+ 35. Kf2 Qc2+ 36. Kg1 Qb1+ 37. Kh2 Qh7 38. Rxh7 Kxh7 39. Qf7+
1-0

[Event "4NCL Online Division 4"]
[Site "online"]
[Date "2020.04.07"]
[Round "1.123"]
[White "Tarr, Steve F"]
[Black "Webster, Vivien"]
[Result "1-0"]
[WhiteElo "1817"]
[BlackElo "1720"]
[PlyCount "83"]
[EventDate "2020.04.07"]
[WhiteTeam "Shropshire 3"]
[BlackTeam "Chessmates"]

1. d4 b6 2. Bf4 Bb7 3. e3 e6 4. Nd2 Be7 5. Ngf3 Nf6 6. h4 d6 7. Bd3 Nc6 8. c3
Nd5 9. Bg3 h6 10. e4 Nf6 11. Qe2 Nh5 12. O-O-O Nxg3 13. fxg3 a5 14. Bb5 a4 15.
d5 a3 16. b3 Qd7 17. Nd4 O-O 18. dxc6 Qc8 19. cxb7 Qxb7 20. Nc6 Bf6 21. Qd3 d5
22. e5 Bd8 23. Nxd8 Rfxd8 24. Rhf1 c6 25. Bxc6 Qxc6 26. Qf3 Rd7 27. Nc4 b5 28.
Nd6 Raa7 29. Qd3 b4 30. Rf3 Ra5 31. Qd4 Qa6 32. Qd3 Qa7 33. Kb1 bxc3 34. Rc1 d4
35. Rf4 Rd5 36. Nc4 Rb7 37. Ka1 Rb4 38. Rcf1 Rd7 39. Nd6 f6 40. Qg6 Qb8 41.
Rxf6 Rd8 42. Rf7 1-0

[Event "4NCL Online Division 4"]
[Site "online"]
[Date "2020.04.07"]
[Round "1.124"]
[White "Harris, John"]
[Black "Maydew, Simon"]
[Result "1-0"]
[WhiteElo "1712"]
[BlackElo "1742"]
[PlyCount "69"]
[EventDate "2020.04.07"]
[WhiteTeam "Chessmates"]
[BlackTeam "Shropshire 3"]

1. d4 Nf6 2. Nf3 e6 3. Bf4 b6 4. e3 Bb7 5. Nbd2 Be7 6. Bd3 d5 7. h3 O-O 8. c4
dxc4 9. Bxc4 Nbd7 10. O-O c5 11. Rc1 cxd4 12. exd4 Nd5 13. Bg3 N7f6 14. a3 a6
15. Ne5 Rc8 16. Qe2 b5 17. Ba2 Qb6 18. Ndf3 h6 19. Rfd1 Rfd8 20. Bb1 Nh7 21.
Nxf7 Rf8 22. Rxc8 Bxc8 23. Qe4 Ndf6 24. Nxh6+ gxh6 25. Qg6+ Kh8 26. Ne5 Bb7 27.
Nf7+ Rxf7 28. Qxf7 Qc6 29. d5 Qd7 30. Be5 Ng5 31. Bxf6+ Bxf6 32. Qxd7 Bxd5 33.
Rxd5 exd5 34. Qe8+ Kg7 35. Qg6+ 1-0

[Event "4NCL Online Division 4"]
[Site "online"]
[Date "2020.04.07"]
[Round "1.131"]
[White "Putar, Leon"]
[Black "Tarling, Ray"]
[Result "1/2-1/2"]
[WhiteElo "1868"]
[BlackElo "1930"]
[PlyCount "63"]
[EventDate "2020.04.07"]
[WhiteTeam "St Benildus B"]
[BlackTeam "Guildford Gatekeepers"]

1. e4 Nf6 2. e5 Nd5 3. d4 d6 4. c4 Nb6 5. exd6 cxd6 6. Nc3 g6 7. Bd3 Bg7 8.
Nge2 Nc6 9. Be3 O-O 10. Qd2 Nb4 11. f3 Nxd3+ 12. Qxd3 Bf5 13. Ne4 d5 14. cxd5
Nxd5 15. Bd2 Qb6 16. O-O e5 17. g4 Bd7 18. N4c3 Nxc3 19. bxc3 exd4 20. Nxd4 Qc5
21. Be3 Qd6 22. Rad1 Bc6 23. Nxc6 Qxc6 24. c4 b6 25. Qd5 Rac8 26. Rc1 Rfd8 27.
Qxc6 Rxc6 28. Rfd1 Rcc8 29. Kf2 Bf8 30. Rxd8 Rxd8 31. Ke2 Rc8 32. g5 1/2-1/2

[Event "4NCL Online Division 4"]
[Site "online"]
[Date "2020.04.07"]
[Round "1.132"]
[White "Kammin, Samuel"]
[Black "Boland, Dylan"]
[Result "0-1"]
[WhiteElo "1795"]
[BlackElo "1842"]
[PlyCount "72"]
[EventDate "2020.04.07"]
[WhiteTeam "Guildford Gatekeepers"]
[BlackTeam "St Benildus B"]

1. Nf3 d5 2. d4 Nf6 3. c4 c6 4. g3 Bf5 5. Bg2 e6 6. O-O Bd6 7. Nbd2 h6 8. Qa4
Nbd7 9. b4 a6 10. c5 Bc7 11. Qb3 e5 12. dxe5 Nxe5 13. Nd4 Bh7 14. Bb2 O-O 15.
Rad1 Qe7 16. Bh3 Rfe8 17. Nf5 Qf8 18. Nf3 Ne4 19. N3d4 a5 20. a3 f6 21. Ne3 Ng5
22. Bf5 Bxf5 23. Nexf5 Nc4 24. Bc1 Qf7 25. h4 Ne6 26. Rfe1 Nxd4 27. Rxd4 Qg6
28. e4 Qxf5 29. exf5 Rxe1+ 30. Kg2 Rxc1 31. b5 a4 32. Qa2 Re8 33. Kh3 h5 34.
Kg2 Ree1 35. Kf3 Ne5+ 36. Kf4 Rc3 0-1

[Event "4NCL Online Division 4"]
[Site "online"]
[Date "2020.04.07"]
[Round "1.133"]
[White "Putar, Lara"]
[Black "Merriman, Rob"]
[Result "1-0"]
[WhiteElo "1821"]
[BlackElo "1727"]
[PlyCount "43"]
[EventDate "2020.04.07"]
[WhiteTeam "St Benildus B"]
[BlackTeam "Guildford Gatekeepers"]

1. d4 e6 2. c4 Nf6 3. Nf3 c5 4. d5 d6 5. Nc3 exd5 6. cxd5 g6 7. g3 Bg7 8. Bg2
O-O 9. e4 Nxe4 10. Nxe4 Re8 11. Nfg5 f5 12. Ne6 Bxe6 13. dxe6 Rxe6 14. Qd5 Qe7
15. O-O Kh8 16. Ng5 Nc6 17. Qxe6 Qxe6 18. Nxe6 Bf6 19. Bg5 Bxg5 20. Nxg5 Rd8
21. Bxc6 bxc6 22. Nf7+ 1-0

[Event "4NCL Online Division 4"]
[Site "online"]
[Date "2020.04.07"]
[Round "1.134"]
[White "Tarling, Adam"]
[Black "Murray, Benjamin"]
[Result "0-1"]
[WhiteElo "1705"]
[BlackElo "1746"]
[PlyCount "82"]
[EventDate "2020.04.07"]
[WhiteTeam "Guildford Gatekeepers"]
[BlackTeam "St Benildus B"]

1. e4 e6 2. d4 d5 3. e5 c5 4. c3 Nc6 5. Nf3 Bd7 6. Be2 Nge7 7. Na3 Nf5 8. Nc2
Rc8 9. O-O cxd4 10. cxd4 a6 11. Bd2 Qb6 12. Bc3 Be7 13. Qd2 Bd8 14. Rfd1 Qc7
15. Rac1 f6 16. Bd3 fxe5 17. dxe5 O-O 18. Re1 Be7 19. Ncd4 Nh4 20. Nxh4 Bxh4
21. Nf3 Qd8 22. Bb4 Nxb4 23. Qxb4 Rxc1 24. Rxc1 Rxf3 25. gxf3 Qg5+ 26. Kf1
Qxc1+ 27. Kg2 Qg5+ 28. Kf1 Bc6 29. Qd4 Qc1+ 30. Kg2 Be7 31. b3 h6 32. f4 Bc5
33. Bh7+ Kxh7 34. Qd3+ Kg8 35. Qg6 d4+ 36. f3 Bxf3+ 37. Kxf3 Qf1+ 38. Kg4 Qg2+
39. Kh4 Qxg6 40. b4 Be7+ 41. Kh3 h5 0-1

[Event "4NCL Online Division 4"]
[Site "online"]
[Date "2020.04.07"]
[Round "1.141"]
[White "Bayly, Liam"]
[Black "Tivillier, Jacques"]
[Result "1-0"]
[WhiteElo "1937"]
[BlackElo "1945"]
[PlyCount "93"]
[EventDate "2020.04.07"]
[WhiteTeam "Surbiton 3"]
[BlackTeam "Celtic Tigers Cubs"]

1. d4 Nf6 2. Nc3 d5 3. Bf4 Bf5 4. f3 h6 5. g4 Bh7 6. h4 e6 7. e3 Bd6 8. Nh3 Nc6
9. Bd3 Bxd3 10. Qxd3 e5 11. dxe5 Nxe5 12. Bxe5 Bxe5 13. O-O-O Bxc3 14. Qxc3 c6
15. Nf4 Qe7 16. g5 hxg5 17. hxg5 Rxh1 18. Rxh1 Ng8 19. Rh8 O-O-O 20. g6 fxg6
21. Nxg6 Qg5 22. Ne5 Qg1+ 23. Kd2 d4 24. exd4 Rxd4+ 25. Nd3 Qf2+ 26. Kc1 Qe3+
27. Qd2 Qg1+ 28. Qd1 Qe3+ 29. Kb1 Rd8 30. a3 c5 31. Qh1 c4 32. Qh3+ Kb8 33.
Qg3+ Ka8 34. Ne5 c3 35. Qxg7 Qe1+ 36. Ka2 Qc1 37. Nd3 Qxc2 38. Rxg8 Qxd3 39.
Rxd8+ Qxd8 40. Qxc3 Kb8 41. Qe5+ Kc8 42. Qe6+ Kc7 43. f4 Qd7 44. Qc4+ Qc6 45.
Qxc6+ Kxc6 46. Kb3 Kd5 47. Kb4 1-0

[Event "4NCL Online Division 4"]
[Site "online"]
[Date "2020.04.07"]
[Round "1.142"]
[White "Kitchen, Peter J"]
[Black "Hogarth, Mark J"]
[Result "0-1"]
[WhiteElo "1862"]
[BlackElo "1902"]
[PlyCount "60"]
[EventDate "2020.04.07"]
[WhiteTeam "Celtic Tigers Cubs"]
[BlackTeam "Surbiton 3"]

1. e4 c5 2. Nf3 Nc6 3. d4 cxd4 4. Nxd4 g6 5. c4 Bg7 6. Be3 d6 7. Be2 Nf6 8. Nc3
O-O 9. O-O Nxd4 10. Bxd4 Bd7 11. Qd2 Bc6 12. f3 a5 13. b3 Nd7 14. Rab1 Nc5 15.
a3 Qc7 16. Rfc1 Rfc8 17. Kh1 Qd8 18. b4 Bxd4 19. Qxd4 Ne6 20. Qe3 axb4 21. axb4
Ra3 22. Qf2 Nf4 23. Bf1 Rca8 24. g3 Nh5 25. Nd5 e6 26. Nb6 Ra2 27. Qg1 R8a3 28.
Bg2 Qg5 29. Rd1 Qh6 30. Qe1 Re3 0-1

[Event "4NCL Online Division 4"]
[Site "online"]
[Date "2020.04.07"]
[Round "1.143"]
[White "Sheard, Jack"]
[Black "Hoong, Jonathan"]
[Result "1-0"]
[WhiteElo "1870"]
[BlackElo "1750"]
[PlyCount "133"]
[EventDate "2020.04.07"]
[WhiteTeam "Surbiton 3"]
[BlackTeam "Celtic Tigers Cubs"]

1. Nf3 g6 2. c4 d6 3. d4 Bg7 4. Nc3 Nf6 5. e4 O-O 6. h3 c5 7. d5 e6 8. Bd3 exd5
9. exd5 Re8+ 10. Be3 Nbd7 11. O-O a6 12. a4 Ne5 13. Nxe5 Rxe5 14. Bf4 Re8 15.
g4 Bd7 16. Qd2 h5 17. f3 hxg4 18. fxg4 b5 19. Rae1 bxc4 20. Bxc4 Qb6 21. b3
Rxe1 22. Rxe1 Re8 23. Rxe8+ Nxe8 24. Ne2 f5 25. g5 Bc8 26. Qe3 Qd8 27. h4 Kh7
28. Kg2 Nc7 29. Kf3 Bb7 30. Qd3 Qe7 31. Bd2 Qe5 32. Nf4 Qd4 33. Qxd4 Bxd4 34.
Ba5 Ne8 35. Ne6 Kg8 36. Nxd4 cxd4 37. Bb6 Kf7 38. Bxd4 Nc7 39. Ke2 Bxd5 40.
Bxd5+ Nxd5 41. Kd3 Ke6 42. Kc4 Nc7 43. Bb6 d5+ 44. Kd4 Ne8 45. Bc5 Nc7 46. b4
f4 47. Bb6 Ne8 48. b5 axb5 49. a5 Kd6 50. Bc5+ Kc6 51. a6 Nc7 52. a7 f3 53. Ke3
Kxc5 54. Kxf3 Kb6 55. h5 gxh5 56. g6 Kxa7 57. g7 Ka6 58. g8=Q Kb6 59. Qg6+ Kc5
60. Qc2+ Kb6 61. Ke3 Na6 62. Kd4 Nc7 63. Qg6+ Kb7 64. Qxh5 Kb6 65. Qg6+ Kb7 66.
Kc5 Kb8 67. Kc6 1-0

[Event "4NCL Online Division 4"]
[Site "online"]
[Date "2020.04.07"]
[Round "1.144"]
[White "Sturt, Charles A"]
[Black "Ratnesan, Radha"]
[Result "0-1"]
[WhiteElo "1615"]
[BlackElo "1682"]
[PlyCount "58"]
[EventDate "2020.04.07"]
[WhiteTeam "Celtic Tigers Cubs"]
[BlackTeam "Surbiton 3"]

1. e4 e6 2. d4 d5 3. exd5 exd5 4. Bd3 Nc6 5. c3 Bd6 6. Ne2 Nf6 7. O-O O-O 8.
Bf4 Bxf4 9. Nxf4 Qd6 10. Nh5 Ne7 11. Nxf6+ Qxf6 12. Qh5 Bf5 13. Bxf5 Nxf5 14.
Nd2 Rfe8 15. Rae1 Re6 16. Nf3 Rb6 17. Re5 g6 18. Qg5 Qxg5 19. Nxg5 f6 20. Rxf5
gxf5 21. Nh3 Rxb2 22. Nf4 c6 23. g3 Rxa2 24. Re1 Kf7 25. Rb1 b5 26. c4 dxc4 27.
d5 c3 28. dxc6 c2 29. Rc1 Rc8 0-1

[Event "4NCL Online Division 4"]
[Site "online"]
[Date "2020.04.07"]
[Round "1.151"]
[White "Ward, James"]
[Black "Jenkins, John"]
[Result "0-1"]
[WhiteElo "1742"]
[BlackElo "2065"]
[PlyCount "59"]
[EventDate "2020.04.07"]
[WhiteTeam "War & Piece"]
[BlackTeam "Stroud The Old"]

1. c4 Nf6 2. Nc3 g6 3. d3 Bg7 4. g3 c6 5. Bg2 O-O 6. e4 e5 7. Nge2 d6 8. O-O
Be6 9. Bg5 h6 10. Bd2 Na6 11. a3 d5 12. cxd5 cxd5 13. d4 exd4 14. Nxd4 Bg4 15.
Nde2 d4 16. e5 Nd7 17. Bxb7 Nac5 18. Bxa8 Qxa8 19. f4 dxc3 20. Bxc3 Bh3 21. Rf2
Ne4 22. Qd4 Nxf2 23. Qxf2 Nc5 24. Rd1 Ne4 25. Qf3 Nxc3 26. Qxa8 Nxe2+ 27. Kf2
Rxa8 28. Kxe2 Bg4+ 29. Ke1 Bxd1 30. Kxd1 0-1

[Event "4NCL Online Division 4"]
[Site "online"]
[Date "2020.04.07"]
[Round "1.152"]
[White "Brown, Graham K"]
[Black "Chapman, Chas"]
[Result "1-0"]
[WhiteElo "1757"]
[BlackElo "1675"]
[PlyCount "121"]
[EventDate "2020.04.07"]
[WhiteTeam "Stroud The Old"]
[BlackTeam "War & Piece"]

1. h3 d5 2. e4 dxe4 3. Nc3 Nf6 4. Nge2 b6 5. Ng3 Bb7 6. Qe2 e6 7. Ncxe4 Nxe4 8.
Nxe4 Be7 9. d3 O-O 10. Bd2 a5 11. Qe3 Qd7 12. Qg3 Bxe4 13. dxe4 Kh8 14. Bd3 Na6
15. Rd1 Nc5 16. Bc3 Rg8 17. O-O Nxd3 18. Rxd3 Qe8 19. Qxc7 Bc5 20. Rfd1 Rc8 21.
Qf4 f6 22. Qd2 e5 23. Qe2 Qa4 24. a3 Qc6 25. Be1 Qe6 26. Qd2 h6 27. Qe2 Be7 28.
c3 Rcd8 29. Rxd8 Rxd8 30. Rxd8+ Bxd8 31. Qd3 Be7 32. c4 Qc6 33. Bd2 Kh7 34. Bc3
Qa4 35. f4 exf4 36. e5+ Kh8 37. exf6 Bxf6 38. Bxf6 gxf6 39. Qd8+ Kg7 40. Qc7+
Kg6 41. Qxf4 Qb3 42. Qg4+ Kh7 43. Qe2 Kg6 44. Qe4+ Kg7 45. Qd4 Kg6 46. Kh2 Kg7
47. h4 Kg6 48. Qg4+ Kf7 49. Qe2 Kg6 50. h5+ Kf7 51. g3 Qa4 52. Qd3 Qc6 53. b3
a4 54. b4 f5 55. Qxf5+ Qf6 56. Qxf6+ Kxf6 57. g4 Kg7 58. Kg3 Kf7 59. Kf4 Kf6
60. c5 bxc5 61. bxc5 1-0

[Event "4NCL Online Division 4"]
[Site "online"]
[Date "2020.04.07"]
[Round "1.153"]
[White "O'Neill, Stephen G"]
[Black "Walker, Adrian"]
[Result "0-1"]
[WhiteElo "1457"]
[BlackElo "1750"]
[PlyCount "102"]
[EventDate "2020.04.07"]
[WhiteTeam "War & Piece"]
[BlackTeam "Stroud The Old"]

1. d4 d6 2. e3 Nf6 3. Bd3 Nbd7 4. Nd2 e5 5. dxe5 Nxe5 6. Ngf3 Bg4 7. Be2 Be7 8.
Nxe5 Bxe2 9. Qxe2 dxe5 10. Nc4 c6 11. O-O e4 12. Rd1 Qc7 13. f3 O-O 14. Nd2 Qe5
15. fxe4 Rad8 16. Qf3 Bc5 17. Nc4 Rxd1+ 18. Qxd1 Qxe4 19. Qd3 Qh4 20. Bd2 Ng4
21. h3 Nf6 22. b4 Be7 23. Nd6 Rd8 24. Nf5 Rxd3 25. cxd3 Qg5 26. Nxe7+ Kf8 27.
Nc8 Qf5 28. Nxa7 Qxd3 29. Rd1 Qe2 30. Re1 Qxd2 31. Kf1 Ne4 32. Re2 Qd1+ 33. Re1
Qa4 34. Nc8 Qxb4 35. Ke2 Qb2+ 36. Kf3 Nf6 37. Nd6 c5 38. a4 Qb3 39. a5 Qd5+ 40.
e4 Qxd6 41. e5 Qd3+ 42. Re3 Qd1+ 43. Kf4 Nd5+ 44. Ke4 Nxe3 45. Kxe3 c4 46. g4
c3 47. a6 bxa6 48. h4 c2 49. h5 c1=R 50. Kf4 Rc4+ 51. Kg5 Qxg4# 0-1